|
|
|
|
| LEADER |
00568cam a2200205 a 4500 |
| 001 |
0000039908 |
| 005 |
20100702090000.0 |
| 040 |
|
|
|a mod
|
| 041 |
|
|
|a eng
|
| 020 |
0 |
0 |
|a 0408002158
|
| 090 |
0 |
0 |
|a 624.1042
|b GED
|
| 100 |
1 |
0 |
|a GEDDES
|h Spence
|
| 245 |
1 |
0 |
|a Estimating for building and civil engineering works
|c Spence Geddes
|
| 250 |
0 |
0 |
|a 2nd. edition
|
| 260 |
0 |
0 |
|a London
|b George Newnes Ltd.
|c 1960
|
| 300 |
0 |
0 |
|a 472p.
|b ill.
|c 26cm
|
| 650 |
0 |
0 |
|a Civil engineering
|
| 650 |
0 |
0 |
|a Building
|
| 852 |
0 |
0 |
|a 01
|
| 999 |
|
|
|a 0045062
|b KEMENTAH
|d BOOKS
|e Rujukan
|f Perpustakaan KEMENTAH
|j AVAILABLE
|q OLD
|